Top 10 Airlines in the US - Statistics

General Stats
  • This quiz has been taken 304 times
  • The average score is 8 of 10
Answer Stats
Passengers Answer % Correct
200 mil American
98%
186 mil Delta
96%
158 mil Southwest
93%
145 mil United
92%
40 mil JetBlue
84%
24 mil Spirit
78%
44 mil Alaska
77%
16 mil Frontier
70%
11 mil Hawaiian
62%
12 mil Allegiant
50%
No matching quizzes found
Score Distribution
Percent of People with Each Score
Percentile by Number Answered
Your Score History
You have not taken this quiz